000 01544nam a2200349 a 4500
001 BRCA_3204
005 20190320204149.0
008 200209s1747----ie-a---###---#000-0deng-u
041 _aeng
044 _aie
084 _a505
_b.W58
_c1747
100 1 _aCervantes Saavedra, Miguel de
_d1547-1616
_9213
245 1 0 _aThe Life and Exploits of the Ingenious Gentleman Don Quijote de la Mancha
_cMiguel de Cervantes Saavedra.
260 _aDublín
_bPeter Willson
_c1747
300 _a4 v.
_bil.
_c18 cm.
500 _aContenido : v. 1. Primera parte. Advertencia del editor. Prefacio del traductor. Vida de Cervantes por Mayáns y traducida por Ozell. Prólogo del autor. Texto. -- v. 2. Texto. -- v. 3. Segunda parte. Texto. v. 4. Texto
500 _aEdición : Translated from de Original Spanish by Charles Jarvis
500 _aEdición económica de la anterior traducción de Jarvis. Piel Lúdovik Osterc
500 _aIncluye índice : De ilustraciones
500 _aQM410
546 _aTexto en : inglés
650 1 4 _aNovela española
_yÉpoca clásica, 1500-1700
_9215
650 1 4 _aLiteratura española
_yÉpoca clásica, 1500-1700
_9216
650 1 4 _aNovela española
_ySiglo XVII
_9217
650 1 4 _aDon Quijote (Personaje ficticio)
_eNovela
_9218
700 1 _aJarvis, Charles
_d?-1739
_eTraductor
_98583
700 1 _aMayáns I. Siscar, Gregorio
_d1699-1781
_eBiógrafo
_98584
700 1 _aOzell, John
_d?-1743
_eAnotador
_98585
740 0 _aEl Ingenioso Hidalgo Don Quijote de la Mancha
902 _aQFM
942 _2lcc
_cB
999 _c2940
_d2940